|
|
|
|
| LEADER |
00000nam a22000007a 4500 |
| 005 |
20190819165241.0 |
| 007 |
cr|||| ||| |
| 008 |
190819s2015 pe |||||s|||| 00||0 spa d |
| 020 |
|
|
|a 978-612-4218-39-2
|
| 035 |
|
|
|a 24123
|
| 040 |
|
|
|a vLex
|
| 090 |
|
|
|c 9237
|d 9237
|
| 100 |
1 |
|
|a Castillo Cr̤dova, Luis
|
| 245 |
1 |
0 |
|a II Convencin̤ Estudiantil de Derecho Pb︢lico
|h [Recurso electrn̤ico] /
|c Luis Castillo Cr̤dova, Ana Mara̕ Becerra
|
| 256 |
|
|
|a Servicio en ln̕ea
|
| 260 |
|
|
|a Lima:
|b Palestra Editores,
|c 2015
|
| 300 |
|
|
|a 1 recurso electrn̤ico
|
| 506 |
1 |
|
|a Disponible solo en los productos indicados
|d vLex Global
|d vLex Global (Academic Edition, excluding Law Schools)
|d vLex Global (U.S. Academic Edition, Law Schools)
|d vLex Global (U.S. Academic Edition, excluding Law Schools)
|d vLex Global (Academic Edition, Law Schools)
|
| 650 |
0 |
4 |
|a Derecho Pb︢lico y Administrativo
|z Per︢
|
| 700 |
1 |
|
|a Becerra, Ana Mara̕
|
| 740 |
0 |
|
|a vLex Libros (Servicio en ln̕ea)
|
| 856 |
4 |
0 |
|u http://vlex.com/source/ii-convencion-estudiantil-derecho-publico-24123
|z Acceso restringido
|
| 942 |
|
|
|c BOOK
|
| 999 |
0 |
|
|a Derecho Pb︢lico y Administrativo
|